000 00770nam a2200253Ia 4500
003 OSt
005 20221005073902.0
006 a|||||r|||| 00| 0
007 ta
008 221004b |||||||| |||| 00| 0 eng d
020 _a121511801 (hbk)
_c565
024 _a89493
037 _b449, 13/03/2008, University Book House
_cTextual
040 _aCRL
_cCRL
_beng
041 _2eng
_aeng
082 _aR3xM891:g, P7
100 _aPradhan R C
_926460
245 0 _aGreat mirror
_b An essay on Wittgenstein's tractaus
260 _aNew Delhi
_bKalki Prakash India
_c2007
300 _axxii,403p.
_ccm.
650 _aPHILOSOPHY
942 _hR3xM891:g, P7
_cTEXL
_2cc
999 _c981869
_d981869